Ekonomické súvislosti leasingových operácií

Ekonomické aspekty leasingových operácií (obchodné, finančné, daňové, účtovné, odpisové, cenové, colné, bankové a i.), ktoré pôsobia v zložitých ekonomických vzťahoch. Charakteristika finančného leasingu. Finančné aspekty. Aspekty amortizácie. Účtovné aspekty. Daňové aspekty. Leasing a DPH.

Enregistré dans:
Détails bibliographiques
Auteur principal: Makarová, M.
Format: Chapitre de livre
Langue:slovaque
Sujets:
Tags: Ajouter un tag
Pas de tags, Soyez le premier à ajouter un tag!

MARC

LEADER 00000naa a2200000 4500
001 r021176
005 20230912111234.8
041 0 |a slo 
044 |a SK 
245 1 0 |a Ekonomické súvislosti leasingových operácií  |c M. Makarová 
520 |a Ekonomické aspekty leasingových operácií (obchodné, finančné, daňové, účtovné, odpisové, cenové, colné, bankové a i.), ktoré pôsobia v zložitých ekonomických vzťahoch. Charakteristika finančného leasingu. Finančné aspekty. Aspekty amortizácie. Účtovné aspekty. Daňové aspekty. Leasing a DPH. 
610 2 0 |a lízing 
610 2 0 |a lízing finančný 
610 2 0 |a podnikatelia 
610 2 0 |a dane z príjmov 
610 2 0 |a dane z hodnoty pridanej 
610 2 0 |a odpisy 
610 2 0 |a financovanie investícií 
610 2 0 |a účtovanie 
100 1 |a Makarová, M.